LEADER 02507nam1 22005053i 450 001 UBO0122102 005 20251003044418.0 100 $a19960913g1955 ||||0itac50 ba 101 | $aita 102 $ait 181 1$6z01$ai $bxxxe 182 1$6z01$an 183 1$6z01$anc$2RDAcarrier 200 1 $aˆLe ‰lettere di Benedetto 14. al card. De Tencin$edai testi originali$fa cura di Emilia Morelli 210 $aRoma$cEdizioni di storia e letteratura 215 $av.$d25 cm. 225 | $aStoria e letteratura 410 0$1001CFI0012546$12001 $aStoria e letteratura 463 1$1001UBO0122105$12000 $a1: 1740-1747$v1 463 1$1001UBO0122106$12000 $a2: 1748-1752$v2 463 1$1001UBO0122108$12000 $a3: 1753-1758$v3 517 1 $aˆLe ‰lettere di Benedetto quattordicesimo al cardinale De Tencin.$9SBL0603879 606 $aBenedetto $xLettere a Pierre Guerin de Tencin$2FIR$3NAPC032894$9I 676 $a262.13$9GOVERNO DELLA CHIESA. PAPI E PATRIARCHI$v19 676 $a282$9CHIESA CATTOLICA ROMANA$v21 676 $a282.092$9CHIESA CATTOLICA ROMANA. Persone$v20 700 0$aBenedictus XIV$c $3RAVV004811$4070$0196188 702 1$aMorelli$b, Emilia$f <1913-1995>$3CFIV025982 790 1$aLambertini$b, Prospero$3MILV177186$zBenedictus XIV 790 0$aBenedetto$c $3RAVV423942$zBenedictus XIV 790 0$aBenedetto XIV$c $3SBNV033053$zBenedictus XIV 790 0$aBenedictus$c $3SBNV033054$zBenedictus XIV 790 1$aLambertini$b, Prospero Lorenzo$3SBNV068022$zBenedictus XIV 801 3$aIT$bIT-000000$c19960913 850 $aIT-BN0095 $aIT-CE0014 $aIT-NA0001 $aIT-NA0043 $aIT-AV0007 $aIT-NA0079 $aIT-NA0120 $aIT-BN0015 $aIT-CE0162 901 $bNAP 72$cD3 $n$ 901 $bNAP PR$cF. CORTESE$n$ 901 $bNAP 24$cF. CORTESE$n$ 901 $bNAP AV$cSEZ. M $nSezione Moderna 901 $bNAP 01$cPOZZO LIB.$nVi sono collocati fondi di economia, periodici di ingegneria e scienze, periodici di economia e statistica e altri fondi comprendenti documenti di economia pervenuti in dono. 912 $aUBO0122102 950 1$aBiblioteca Centralizzata di Ateneo$bv. 1-2$cv. 1-2$d 01POZZO LIB.ECON MON 4585 977 $a 01$a 24$a 72$a AN$a AV$a BN$a CR$a PB$a PR 996 $aLettere di Benedetto 14. al card. De Tencin$9538811 997 $aUNISANNIO